[Event "38th Nezhmetdinov Mem"]
[Site "Kazan RUS"]
[Date "2016.06.02"]
[Round "3.21"]
[White "Smougalev, Gennady"]
[Black "Predke, Alexandr"]
[Result "0-1"]
[WhiteTitle "FM"]
[WhiteElo "2161"]
[BlackElo "2535"]
[WhiteFideId "4122410"]
[BlackFideId "24107581"]
[EventDate "2016.05.31"]

1. d4 Nf6 2. c4 e6 3. Nf3 b6 4. e3 Bb7 5. Bd3 d5 6. b3 Bd6 7. Bb2 O-O 8. O-O a6
9. Qc2 h6 10. Nbd2 Nbd7 11. e4 dxe4 12. Nxe4 Bxe4 13. Bxe4 Nxe4 14. Qxe4 Nf6 15.
Qe2 Re8 16. Rad1 Qc8 17. Ne5 Qb7 18. Ng4 Ne4 19. Rd3 f5 20. f3 Ng5 21. Ne5 b5
22. Bc1 Bxe5 23. dxe5 bxc4 24. bxc4 Nf7 25. f4 Rad8 26. Rb3 Qc6 27. g4 Rd4 28.
gxf5 exf5 29. Rc3 Re6 30. Rff3 Nd6 31. Be3 Rxc4 32. Bd4 Rg6+ 33. Kf1 Rxc3 34.
Bxc3 Ne4 0-1

[Event "38th Nezhmetdinov Mem"]
[Site "Kazan RUS"]
[Date "2016.06.02"]
[Round "3.22"]
[White "Baghdasaryan, Vahe"]
[Black "Parnali, S Dharia"]
[Result "1-0"]
[WhiteTitle "IM"]
[BlackTitle "WIM"]
[WhiteElo "2441"]
[BlackElo "2160"]
[WhiteFideId "13303139"]
[BlackFideId "5043131"]
[EventDate "2016.05.31"]

1. g3 d5 2. Nf3 Nf6 3. Bg2 g6 4. d4 Bg7 5. c4 c6 6. O-O O-O 7. Nc3 Ne4 8. cxd5
cxd5 9. Nxe4 dxe4 10. Ne5 Nd7 11. f4 Nxe5 12. dxe5 Qb6+ 13. e3 Rd8 14. Qe1 Bf5
15. b3 Rd3 16. g4 Bxg4 17. Bxe4 Rd1 18. Qf2 Rxf1+ 19. Kxf1 Qb5+ 20. Kg2 f6 21.
exf6 Bxf6 22. Bb2 Bf5 23. Bf3 Rc8 24. Rc1 Rxc1 25. Bxc1 Qc5 26. Qd2 Kg7 27. Bxb7
Bb1 28. a3 Qf5 29. Bb2 Be4+ 30. Bxe4 Qxe4+ 31. Kf2 Bxb2 32. Qxb2+ Kf7 33. Qc1
Kg7 34. Qc5 Kf6 35. Qc3+ Kf5 36. Qc8+ Kf6 37. Qh8+ Kf5 38. Qxh7 Qc2+ 39. Kg3
Qxb3 40. Qxe7 Qc3 41. Kf3 1-0

[Event "38th Nezhmetdinov Mem"]
[Site "Kazan RUS"]
[Date "2016.06.02"]
[Round "3.23"]
[White "Ponfilenok, Vladimir"]
[Black "Emelianov, Fedor"]
[Result "1/2-1/2"]
[WhiteElo "2395"]
[BlackElo "2134"]
[WhiteFideId "24113522"]
[BlackFideId "24140228"]
[EventDate "2016.05.31"]

1. d4 Nf6 2. Nf3 e6 3. g3 d5 4. Bg2 c6 5. O-O Be7 6. c4 O-O 7. Qc2 b6 8. Rd1
Nbd7 9. Nc3 Ba6 10. Ne5 Qc8 11. Bf4 Nh5 12. Be3 Nhf6 13. cxd5 cxd5 14. Rac1 Qb7
15. Bg5 Rac8 16. Qd2 Rfd8 17. Qf4 h6 18. Bxf6 Nxf6 19. h4 Bb4 20. Bf3 Bxc3 21.
bxc3 Qe7 22. g4 Nd7 23. g5 Nxe5 24. Qxe5 hxg5 25. hxg5 Qd6 26. Qe3 g6 27. Kg2
Kg7 28. Rh1 Rh8 29. Bg4 Rxh1 30. Rxh1 Rh8 31. Rxh8 Kxh8 32. Qe5+ Qxe5 33. dxe5
Kg7 34. Kf3 Bc4 35. a3 Kf8 36. Ke3 Ke7 37. Kd4 Kd7 38. f4 Bb5 39. e4 dxe4 40.
Kxe4 Bc6+ 41. Kd4 Bd5 42. Bd1 Bc6 43. Bc2 Bb5 44. Be4 Ba4 45. Bd3 Bc6 46. c4 Ba4
47. Be4 Bc6 48. Bc2 Bg2 49. Kc3 Bc6 50. Kb4 Kc7 51. Bd3 Be8 52. Be4 1/2-1/2

[Event "38th Nezhmetdinov Mem"]
[Site "Kazan RUS"]
[Date "2016.06.02"]
[Round "3.24"]
[White "Andreev, Viktor"]
[Black "Korniushin, Nikolay"]
[Result "1/2-1/2"]
[WhiteTitle "FM"]
[BlackTitle "IM"]
[WhiteElo "2128"]
[BlackElo "2348"]
[WhiteFideId "4133277"]
[BlackFideId "4123808"]
[EventDate "2016.05.31"]

1. e4 e6 2. d4 d5 3. Nd2 Nc6 4. Ngf3 Nf6 5. e5 Nd7 6. Nb3 a5 7. a4 f6 8. Bb5
fxe5 9. dxe5 Be7 10. Nfd4 Ndxe5 11. f4 O-O 12. fxe5 Nxe5 13. Qe2 Bd6 14. Nf3
Nxf3+ 15. gxf3 e5 16. Qg2 Qh4+ 17. Qf2 Qh5 18. Be2 Be7 19. h4 Qf5 20. Bf1 Qh5
21. Bg2 e4 22. f4 Bg4 23. Be3 b6 24. Kd2 c5 25. c3 Rad8 26. Rag1 Bf6 27. Kc1 Bd7
28. Nxc5 bxc5 29. Bxc5 Rf7 30. Bh3 Bxh3 31. Rxh3 Qf5 32. Rh2 Qd7 33. Bd4 Qxa4
34. Bxf6 Rxf6 35. Rhg2 Rf7 36. Qb6 Re8 1/2-1/2

[Event "38th Nezhmetdinov Mem"]
[Site "Kazan RUS"]
[Date "2016.06.02"]
[Round "3.25"]
[White "Gubajdullin, Alexei"]
[Black "Murzin, Lenar"]
[Result "1-0"]
[WhiteTitle "FM"]
[BlackTitle "IM"]
[WhiteElo "2346"]
[BlackElo "2104"]
[WhiteFideId "4141202"]
[BlackFideId "4116461"]
[EventDate "2016.05.31"]

1. Nf3 Nf6 2. b3 b6 3. Bb2 e6 4. e3 Bb7 5. d4 c5 6. Bd3 Be7 7. O-O Nc6 8. a3 O-O
9. Nbd2 cxd4 10. exd4 d6 11. c4 Rc8 12. Rc1 Re8 13. Re1 h6 14. Bb1 Nb8 15. d5
exd5 16. Nd4 g6 17. Qf3 Nbd7 18. Qh3 Bf8 19. Nf5 Rxe1+ 20. Rxe1 gxf5 21. Bxf5
Bg7 22. Re3 Ne5 23. Rg3 Kf8 24. f4 Ng6 25. Bxg6 fxg6 26. Rxg6 Rc7 27. Rxh6 d4
28. Bxd4 Bxh6 29. Qxh6+ Kf7 30. f5 Ng8 31. Qg7+ Ke8 32. Qxg8+ 1-0

[Event "38th Nezhmetdinov Mem"]
[Site "Kazan RUS"]
[Date "2016.06.02"]
[Round "3.26"]
[White "Mukhutdinov, Tigran"]
[Black "Sargissyan, Sargis"]
[Result "0-1"]
[BlackTitle "FM"]
[WhiteElo "2098"]
[BlackElo "2340"]
[WhiteFideId "34108570"]
[BlackFideId "13303210"]
[EventDate "2016.05.31"]

1. e4 c5 2. Nf3 d6 3. d4 cxd4 4. Nxd4 Nf6 5. Nc3 Bd7 6. Be2 e5 7. Nb3 Bc6 8. Bg5
Nbd7 9. O-O h6 10. Bxf6 Nxf6 11. f3 Be7 12. Bc4 Rc8 13. Kh1 O-O 14. Nd5 b5 15.
Nxf6+ Bxf6 16. Bd5 Qb6 17. c3 Bd7 18. Qe2 Bg5 19. Rad1 a5 20. Qd3 b4 21. c4 a4
22. Nc1 Bc6 23. Ne2 Bxd5 24. Qxd5 Qe3 25. Ng3 Rc5 26. Qxd6 Rd8 27. Qa6 Rxd1 28.
Rxd1 g6 29. Qxa4 Rxc4 30. Qe8+ Kg7 31. Qxe5+ Bf6 32. Qb5 Rc1 33. Qf1 Rc2 34. Re1
Qd4 35. Re2 Qxb2 36. Rxc2 Qxc2 37. Qe2 Qb1+ 38. Nf1 Bb2 39. Qc4 Qd1 40. Qa6 Bd4
41. Qc4 Ba7 42. h3 Qe1 43. Kh2 Qf2 44. Qb5 Qg1+ 45. Kg3 Bf2+ 46. Kf4 Qxg2 47.
Qe5+ Kh7 48. Qf6 Kg8 49. Qd8+ Kh7 50. Qf6 g5+ 51. Ke5 Bd4+ 0-1

[Event "38th Nezhmetdinov Mem"]
[Site "Kazan RUS"]
[Date "2016.06.02"]
[Round "3.27"]
[White "Fakhrutdinov, Timur"]
[Black "Markelova, Lubov"]
[Result "1-0"]
[WhiteTitle "FM"]
[BlackTitle "WFM"]
[WhiteElo "2336"]
[BlackElo "2059"]
[WhiteFideId "24176702"]
[BlackFideId "24131369"]
[EventDate "2016.05.31"]

1. e4 e6 2. d4 d5 3. Nc3 Nf6 4. e5 Nfd7 5. f4 c5 6. Nf3 Be7 7. Be3 b6 8. a4 Nc6
9. Bb5 Bb7 10. O-O O-O 11. f5 Nxd4 12. Nxd4 cxd4 13. Bxd4 exf5 14. Rxf5 Nc5 15.
Ne2 Bc8 16. Rf1 Bg4 17. h3 Bh5 18. g4 Bg6 19. Ng3 Ne6 20. c3 Bg5 21. Qf3 Bf4 22.
Nf5 h5 23. Bd3 hxg4 24. Qxg4 Qg5 25. Kg2 Bxf5 26. Bxf5 Qxg4+ 27. Bxg4 Nxd4 28.
cxd4 g5 29. Bf5 Rfe8 30. Ra3 Re7 31. Rc3 Kg7 32. Rc6 Be3 33. Rd1 Rd8 34. Rd3 Bf4
35. Rdc3 Bd2 36. Rd3 Ba5 37. Kf3 b5 38. axb5 Rb7 39. Rb3 Rdb8 40. Bd3 Bb6 41.
Rb4 Rh8 42. Bf5 Ba5 43. Rb3 Bb6 44. Ke3 Rh6 45. Rbc3 Ba5 46. Rxh6 Kxh6 47. Rc5
Rc7 48. Rxd5 Rc1 49. Rd7 Rc7 50. Rd6+ Kg7 51. Bd3 Rc1 52. Rd7 Bb6 53. e6 Re1+
54. Be2 Kf8 55. Rxf7+ Ke8 56. Rd7 Kf8 57. Kf2 Rb1 58. e7+ 1-0

[Event "38th Nezhmetdinov Mem"]
[Site "Kazan RUS"]
[Date "2016.06.02"]
[Round "3.28"]
[White "Mamontova, Anastasia"]
[Black "Pershin, Denis"]
[Result "0-1"]
[WhiteElo "2065"]
[BlackElo "2336"]
[WhiteFideId "34100234"]
[BlackFideId "24165506"]
[EventDate "2016.05.31"]

1. b3 e5 2. Bb2 Nc6 3. e3 g6 4. c4 Bg7 5. Ne2 Nge7 6. d4 exd4 7. Nxd4 O-O 8. Be2
Qe8 9. Qd2 Nxd4 10. Bxd4 Bxd4 11. Qxd4 Nc6 12. Qf4 d6 13. Nc3 Nb4 14. O-O Qe5
15. Qxe5 dxe5 16. a3 Na6 17. Rfd1 Be6 18. b4 c5 19. Nd5 Rad8 20. Bf3 b6 21. Ne7+
Kg7 22. Rxd8 Rxd8 23. Nc6 Rd2 24. Nxe5 cxb4 25. axb4 Nxb4 26. Rxa7 Kf6 27. Ng4+
Bxg4 28. Bxg4 Nc6 29. Rb7 Rb2 30. h3 Na5 31. Rc7 Rc2 32. Bf3 Rc1+ 33. Kh2 Rxc4
34. Rd7 Ke6 35. Rd8 Rc5 36. Rb8 Rb5 37. Kg3 h5 38. Be4 Rb4 39. Bc2 Nc6 40. Rb7
h4+ 41. Kf3 Rb2 42. Bd1 Ne5+ 43. Kf4 Rxf2+ 44. Bf3 Rb2 45. Kg5 Rb4 46. e4 f6+
47. Kxh4 f5 48. Kg5 fxe4 49. Bxe4 Rxe4 50. Rxb6+ Kd5 51. g4 Re3 52. Kh4 Nf3+ 53.
Kg3 g5 54. Kf2 Rc3 55. Rb5+ Ke4 56. Rf5 Rd3 57. Rf8 Ne5 58. Kg2 Ng6 59. Re8+ Kf4
60. Re2 Nh4+ 61. Kh2 Kf3 62. Ra2 Re3 63. Ra5 Re2+ 64. Kg1 Kg3 0-1

[Event "38th Nezhmetdinov Mem"]
[Site "Kazan RUS"]
[Date "2016.06.02"]
[Round "3.29"]
[White "Obolentseva, Alexandra"]
[Black "Kalabukhov, Bogdan"]
[Result "1-0"]
[WhiteTitle "WFM"]
[WhiteElo "2324"]
[BlackElo "2056"]
[WhiteFideId "24153648"]
[BlackFideId "34102865"]
[EventDate "2016.05.31"]

1. d4 d5 2. c4 e6 3. Nc3 c6 4. Nf3 dxc4 5. a4 Bb4 6. e3 b5 7. Bd2 a5 8. axb5
Bxc3 9. Bxc3 cxb5 10. b3 Bb7 11. bxc4 b4 12. Bb2 Nf6 13. Bd3 O-O 14. O-O Nbd7
15. Nd2 Qc7 16. f4 a4 17. Rb1 Rfd8 18. Qe2 b3 19. Ba1 Nb8 20. f5 Nc6 21. fxe6
fxe6 22. Bc3 Qe7 23. Ne4 Nxe4 24. Bxe4 Nb4 25. Bxb4 Qxb4 26. Bxh7+ Kxh7 27. Qh5+
Kg8 28. Qf7+ Kh7 29. Rf4 Kh6 30. Rh4+ Kg5 31. Rh5+ Kg4 32. h3+ Kg3 33. Qxg7# 1-0

[Event "38th Nezhmetdinov Mem"]
[Site "Kazan RUS"]
[Date "2016.06.02"]
[Round "3.30"]
[White "Elkin, Leonid"]
[Black "Karpeshov, Oleg"]
[Result "0-1"]
[BlackTitle "IM"]
[WhiteElo "2055"]
[BlackElo "2323"]
[WhiteFideId "13501240"]
[BlackFideId "4106814"]
[EventDate "2016.05.31"]

1. e4 c5 2. Nf3 d6 3. d4 cxd4 4. Nxd4 Nf6 5. Nc3 Nc6 6. Bg5 e6 7. Qd2 a6 8.
O-O-O Bd7 9. f4 b5 10. Bxf6 gxf6 11. Kb1 Qb6 12. Nxc6 Bxc6 13. f5 Qc5 14. Bd3 b4
15. Ne2 e5 16. Ng3 h5 17. Qe2 h4 18. Nh5 Ke7 19. Qg4 Bh6 20. Qxh4 Bg5 21. Qg4 a5
22. Qe2 a4 23. g4 Be3 24. h4 Bd4 25. Bc4 Rhb8 26. Nxf6 Kxf6 27. g5+ Ke7 28. f6+
Kd7 29. Bxf7 b3 30. Be6+ Kc7 31. cxb3 axb3 32. Bxb3 Rxb3 33. Rxd4 Qxd4 0-1

[Event "38th Nezhmetdinov Mem"]
[Site "Kazan RUS"]
[Date "2016.06.02"]
[Round "3.31"]
[White "Murtazin, Bulat"]
[Black "Kolbyshev, Sergei"]
[Result "1-0"]
[WhiteTitle "FM"]
[WhiteElo "2319"]
[BlackElo "2054"]
[WhiteFideId "24151351"]
[BlackFideId "34107646"]
[EventDate "2016.05.31"]

1. d4 Nf6 2. c4 e6 3. Nf3 Bb4+ 4. Nbd2 O-O 5. a3 Be7 6. e4 d5 7. Qc2 dxe4 8.
Nxe4 Nbd7 9. Ng3 b6 10. Be2 Bb7 11. O-O c5 12. dxc5 Nxc5 13. Bf4 Nce4 14. Rad1
Qc8 15. Rd4 Nxg3 16. Bxg3 Rd8 17. Rxd8+ Qxd8 18. Be5 Nd7 19. Rd1 Qe8 20. Bd6 Bf6
21. b4 Rc8 22. c5 bxc5 23. bxc5 Bxf3 24. gxf3 Nxc5 25. Bxc5 Be7 26. Bb5 Qxb5 27.
Bxe7 1-0

[Event "38th Nezhmetdinov Mem"]
[Site "Kazan RUS"]
[Date "2016.06.02"]
[Round "3.32"]
[White "Garafutdinov, Ainur"]
[Black "Dzhangobegov, Vladimir"]
[Result "1-0"]
[BlackTitle "FM"]
[WhiteElo "2044"]
[BlackElo "2315"]
[WhiteFideId "24175498"]
[BlackFideId "4180984"]
[EventDate "2016.05.31"]

1. e4 c5 2. d3 g6 3. g3 Bg7 4. Bg2 Nc6 5. c3 e6 6. Be3 b6 7. Qd2 Ba6 8. f4 Nge7
9. Nf3 d5 10. e5 O-O 11. O-O f6 12. exf6 Bxf6 13. Bf2 e5 14. fxe5 Nxe5 15. Nxe5
Bxe5 16. Re1 Qd6 17. d4 cxd4 18. cxd4 Bf6 19. Nc3 Bb7 20. a3 a6 21. Re2 Rad8 22.
g4 Bc8 23. g5 Bg7 24. Rae1 Rf7 25. Bg3 Qd7 26. Be5 Rdf8 27. Bxg7 Kxg7 28. Re5
Nc6 29. Rxd5 Qg4 30. Ne4 Be6 31. Nf6 Rxf6 32. gxf6+ Rxf6 33. Rd6 Na5 34. Qe2
Qxe2 35. Rxe2 Bc4 36. Re7+ Bf7 37. Rdd7 1-0

[Event "38th Nezhmetdinov Mem"]
[Site "Kazan RUS"]
[Date "2016.06.02"]
[Round "3.33"]
[White "Musaev, Rasul"]
[Black "Terentev, Mikhail"]
[Result "1/2-1/2"]
[WhiteTitle "FM"]
[WhiteElo "2310"]
[BlackElo "2024"]
[WhiteFideId "24146870"]
[BlackFideId "24183814"]
[EventDate "2016.05.31"]

1. e4 c6 2. Nc3 d5 3. Nf3 Bg4 4. h3 Bxf3 5. Qxf3 e6 6. d3 Nd7 7. Bd2 Bc5 8.
O-O-O Bb4 9. Qg4 Ngf6 10. Qxg7 Rg8 11. Qh6 d4 12. Ne2 Rg6 13. Qf4 e5 14. Qf5
Bxd2+ 15. Rxd2 Qa5 16. a3 b5 17. Kd1 b4 18. Nxd4 bxa3 19. bxa3 Qxa3 20. Nf3 c5
21. g4 a5 22. Ke2 Qc3 23. Nh4 a4 24. f4 a3 25. fxe5 a2 26. Bg2 Ng8 27. Rf1 Nxe5
28. Nxg6 hxg6 29. Qf4 a1=Q 30. Rxa1 Rxa1 31. d4 Qc4+ 32. Kf2 Nd7 33. e5 cxd4 34.
Kg3 Qe6 35. Rxd4 g5 36. Qxg5 Qxe5+ 37. Qxe5+ Nxe5 38. Re4 f6 39. g5 Kf7 40. gxf6
Kxf6 1/2-1/2

[Event "38th Nezhmetdinov Mem"]
[Site "Kazan RUS"]
[Date "2016.06.02"]
[Round "3.34"]
[White "Sinyanskiy, Maxim"]
[Black "Ambartsumova, Karina"]
[Result "0-1"]
[BlackTitle "WGM"]
[WhiteElo "2042"]
[BlackElo "2307"]
[WhiteFideId "4178068"]
[BlackFideId "4166299"]
[EventDate "2016.05.31"]

1. e4 e5 2. Nf3 Nc6 3. d4 exd4 4. Nxd4 Bc5 5. Nb3 Bb6 6. Nc3 Nf6 7. Qe2 O-O 8.
Be3 d5 9. O-O-O d4 10. Nb5 Nxe4 11. N3xd4 Nb4 12. Ne6 Nxa2+ 13. Kb1 Bxe6 14.
Rxd8 Rfxd8 15. g4 Bxe3 16. fxe3 Nd2+ 17. Ka1 Bc4 18. Qf2 Nb4 19. Bxc4 Nxc4 20.
Rf1 Rd7 21. c3 Nd3 22. Qg3 Re8 23. e4 Rxe4 24. Rd1 Ncxb2 25. Rd2 a6 26. Nd4 g6
27. Rxb2 Nxb2 28. Kxb2 c5 29. Nb3 Re2+ 30. Ka3 c4 31. Nd4 Re8 32. Kb4 b5 33. h4
Kg7 34. h5 Re4 35. Qh3 Rd5 36. h6+ Kf8 37. Qf3 Rdxd4 38. cxd4 Rxd4 39. Qf6 Rd3
40. Qxa6 Ke7 41. Kxb5 c3 42. Qc6 0-1

[Event "38th Nezhmetdinov Mem"]
[Site "Kazan RUS"]
[Date "2016.06.02"]
[Round "3.35"]
[White "Skvortsov, Vladimir"]
[Black "Pogorelskikh, Sergey"]
[Result "1-0"]
[BlackTitle "FM"]
[WhiteElo "2016"]
[BlackElo "2281"]
[WhiteFideId "24183792"]
[BlackFideId "4187024"]
[EventDate "2016.05.31"]

1. Nf3 Nf6 2. g3 g6 3. Bg2 Bg7 4. O-O O-O 5. c4 c5 6. Nc3 Nc6 7. d4 d6 8. d5 Na5
9. Nd2 a6 10. Rb1 Rb8 11. a3 b5 12. cxb5 axb5 13. b4 cxb4 14. axb4 Nd7 15. Bb2
Nc4 16. Nxc4 bxc4 17. Ba1 Nb6 18. Nb5 Bxa1 19. Rxa1 Nxd5 20. Qxd5 Be6 21. Qc6
Bd7 22. Qxc4 Bxb5 23. Qe4 Qd7 24. Rfc1 Ba4 25. h4 Rb6 26. Rc4 Rfb8 27. Rac1 Qe6
28. Qxe6 fxe6 29. Bh3 d5 30. Rd4 Kf7 31. Rc3 Ke8 32. e4 Rd8 33. Rc5 Bb3 34. e5
Rdb8 35. h5 Kd7 36. hxg6 hxg6 37. Rg4 Rxb4 38. Rxg6 d4 39. Bf1 Bd5 40. Rg4 Rh8
41. Rh4 Rxh4 42. gxh4 Rb1 43. Rc2 Bc6 44. f4 Bb5 45. Rf2 d3 46. Rd2 Kc6 47. Kf2
Kc5 48. Bxd3 Bxd3 49. Rxd3 Kc4 50. Rd2 Rb3 51. Kg2 Kc5 52. h5 Kc6 53. h6 Rb8 54.
Kf3 Rh8 55. Rh2 1-0

[Event "38th Nezhmetdinov Mem"]
[Site "Kazan RUS"]
[Date "2016.06.02"]
[Round "3.36"]
[White "Filyanin, Daniil"]
[Black "Davydov, Sergey P."]
[Result "1/2-1/2"]
[BlackTitle "FM"]
[WhiteElo "2006"]
[BlackElo "2266"]
[WhiteFideId "24177300"]
[BlackFideId "4123182"]
[EventDate "2016.05.31"]

1. e4 c5 2. Nf3 e6 3. d4 cxd4 4. Nxd4 a6 5. c4 Nf6 6. Nc3 Bb4 7. Nc2 Bxc3+ 8.
bxc3 Qa5 9. Qd3 Qe5 10. f3 d5 11. Qd4 Qxd4 12. cxd4 dxe4 13. fxe4 Nxe4 14. Bd3
Nf6 15. O-O O-O 16. Bg5 Nbd7 17. a4 a5 18. Be2 Ne4 19. Bf4 b6 20. Bf3 f5 21.
Bxe4 fxe4 22. Bd6 Rxf1+ 23. Rxf1 Bb7 24. Na3 Rc8 25. g4 Bc6 26. Re1 Nf6 27. g5
Ne8 28. Bg3 Kf7 29. Rb1 Bxa4 30. Rxb6 e3 31. c5 Bc6 32. Nc4 Ke7 33. Nxe3 a4 34.
Ra6 h6 35. Ra7+ Kf8 36. gxh6 gxh6 37. Ng4 Ra8 38. Rh7 Kg8 39. Re7 Kf8 40. Rxe6
a3 41. Re1 a2 42. Ra1 h5 43. Ne5 Bb5 44. d5 Nf6 45. d6 Nd7 46. Nxd7+ 1/2-1/2

[Event "38th Nezhmetdinov Mem"]
[Site "Kazan RUS"]
[Date "2016.06.02"]
[Round "3.37"]
[White "Obodenko, Amir"]
[Black "Pavlova, Nataliy"]
[Result "1-0"]
[WhiteElo "2263"]
[BlackElo "2010"]
[WhiteFideId "34101176"]
[BlackFideId "24135615"]
[EventDate "2016.05.31"]

1. Nf3 d5 2. g3 Nf6 3. Bg2 e6 4. d4 Bd6 5. O-O O-O 6. c4 c6 7. Qc2 Nbd7 8. Rd1
Ne4 9. Nc3 f5 10. Bf4 g5 11. Nxe4 Bxf4 12. gxf4 fxe4 13. Nxg5 Nb6 14. c5 h6 15.
Nxe4 dxe4 16. Qxe4 Qh4 17. cxb6 Rxf4 18. Qg6+ Kh8 19. bxa7 Rg4 20. Qd3 Qg5 21.
Qf3 e5 22. dxe5 Bf5 23. h3 Rh4 24. Qg3 Qe7 25. e6 Rh5 26. Qb8+ 1-0

[Event "38th Nezhmetdinov Mem"]
[Site "Kazan RUS"]
[Date "2016.06.02"]
[Round "3.38"]
[White "Tretyakov, Stepan"]
[Black "Dmitriev, Igor"]
[Result "0-1"]
[BlackTitle "IM"]
[WhiteElo "1967"]
[BlackElo "2259"]
[WhiteFideId "24198820"]
[BlackFideId "4114833"]
[EventDate "2016.05.31"]

1. d4 d6 2. c4 c5 3. d5 e5 4. e4 Be7 5. Nf3 Bg4 6. Bd3 Nd7 7. Nc3 a6 8. O-O Rb8
9. a3 h6 10. b4 Bg5 11. Be2 Bxf3 12. Bxf3 Qc7 13. Qd3 Ngf6 14. Be2 Bxc1 15.
Rfxc1 O-O 16. Qe3 Rfc8 17. g3 cxb4 18. axb4 Qb6 19. Rab1 Qxe3 20. fxe3 Rc7 21.
Bd3 Rbc8 22. Na4 b5 23. Nb2 Nb6 24. Rc2 Ng4 25. Rbc1 Nxe3 26. c5 Nbc4 27. Nxc4
bxc4 28. Re2 cxd3 29. Rxe3 d2 30. Rd1 dxc5 31. bxc5 Rxc5 32. Rxd2 Kf8 33. Kf2
Rc2 34. Ree2 Rxd2 35. Rxd2 Ke7 36. Ra2 Ra8 37. Ke3 a5 38. Kd3 Kd6 39. Kc4 Rc8+
40. Kd3 Rc5 41. g4 Rb5 42. h4 Rb3+ 43. Kd2 Rb4 44. Kd3 a4 45. g5 hxg5 46. hxg5
Rd4+ 47. Ke3 Kc5 48. Rb2 a3 49. Rc2+ Kb4 50. Rc7 a2 51. Ra7 Kb3 52. d6 Rxd6 53.
Rb7+ Kc4 54. Ra7 Rd3+ 55. Ke2 Rg3 56. Kf2 Rxg5 57. Rxa2 f6 58. Rd2 Kc5 59. Kf3
Kc6 60. Rd1 Kc7 61. Kf2 0-1

[Event "38th Nezhmetdinov Mem"]
[Site "Kazan RUS"]
[Date "2016.06.02"]
[Round "3.39"]
[White "Bilan, Danila"]
[Black "Gagarin, Sergey"]
[Result "1/2-1/2"]
[WhiteElo "2244"]
[BlackElo "1997"]
[WhiteFideId "24161918"]
[BlackFideId "24175463"]
[EventDate "2016.05.31"]

1. d4 Nf6 2. c4 e6 3. Nf3 Bb4+ 4. Bd2 Qe7 5. g3 Nc6 6. Bg2 Bxd2+ 7. Nbxd2 d6 8.
e4 e5 9. d5 Nb8 10. O-O a5 11. Ne1 O-O 12. Nd3 Na6 13. a3 Bg4 14. f3 Bd7 15. b4
c6 16. Qb3 cxd5 17. exd5 b5 18. f4 e4 19. Rae1 Bf5 20. cxb5 a4 21. Qa2 Qa7+ 22.
Kh1 exd3 23. bxa6 Rac8 24. Nc4 Ng4 25. h3 Rxc4 26. Qxc4 Ne3 27. Qb5 d2 28. Rd1
Nxd1 29. Rxd1 Qe3 30. Qxa4 Be4 31. a7 Bxg2+ 32. Kxg2 Qe2+ 33. Kg1 Qe1+ 34. Kg2
Qe2+ 35. Kh1 Qe1+ 36. Kg2 Qe2+ 1/2-1/2

[Event "38th Nezhmetdinov Mem"]
[Site "Kazan RUS"]
[Date "2016.06.02"]
[Round "3.40"]
[White "Imashev, Ildar"]
[Black "Isaykin, Artem"]
[Result "1-0"]
[WhiteElo "2225"]
[BlackElo "1973"]
[WhiteFideId "4166337"]
[BlackFideId "34165344"]
[EventDate "2016.05.31"]

1. d4 Nf6 2. c4 e6 3. Nc3 Bb4 4. Nf3 O-O 5. Bg5 h6 6. Bh4 d5 7. Rc1 Nbd7 8. e3
c6 9. a3 Be7 10. Bd3 Ne8 11. Bxe7 Qxe7 12. O-O f5 13. b4 a6 14. Ne5 Nxe5 15.
dxe5 a5 16. c5 b5 17. Ne2 Bd7 18. Nd4 g5 19. a4 bxa4 20. b5 cxb5 21. c6 Bc8 22.
Bxb5 a3 23. Rc3 Nc7 24. Bd3 Ba6 25. Qa1 Bxd3 26. Rxd3 Ra6 27. Rxa3 Rfa8 28. Rb1
R8a7 29. Rb8+ Kf7 30. Ra4 Qc5 31. Qb1 Ra8 32. Rb7 R8a7 33. Ra1 Kg6 34. g4 Qf8
35. Rxc7 Rxc7 36. Nxe6 Qf7 37. gxf5+ Kh5 38. Qd1+ g4 39. Nxc7 Qxc7 40. h3 Qg7
41. Ra4 1-0

[Event "38th Nezhmetdinov Mem"]
[Site "Kazan RUS"]
[Date "2016.06.02"]
[Round "3.41"]
[White "Karamov, Stepan"]
[Black "Baraeva, Marina"]
[Result "0-1"]
[BlackTitle "WIM"]
[WhiteElo "1785"]
[BlackElo "2208"]
[WhiteFideId "24198145"]
[BlackFideId "24142573"]
[EventDate "2016.05.31"]

1. d4 d5 2. Nf3 Nf6 3. c4 c6 4. Qc2 dxc4 5. Qxc4 Bf5 6. g3 e6 7. Bg2 Be7 8. O-O
O-O 9. Nc3 h6 10. Ne5 Nbd7 11. e4 Bh7 12. Nxd7 Qxd7 13. Rd1 Rac8 14. Bf4 b5 15.
Qe2 a6 16. a3 Qa7 17. b4 Rfd8 18. Be3 Qc7 19. Bf4 Qb7 20. h3 Nd7 21. Rac1 a5 22.
Qb2 Nb6 23. Qb3 axb4 24. axb4 Nc4 25. Bf1 g5 26. Be3 Nd6 27. Bg2 Nc4 28. Bf1 Ra8
29. Ra1 Rxa1 30. Rxa1 Nxe3 31. fxe3 Ra8 32. Rxa8+ Qxa8 33. Qb2 Qf8 34. Na2 Bxe4
35. Bg2 Bxg2 36. Kxg2 Qa8 37. Kf2 Qa4 38. Ke2 Bd6 39. g4 Be7 40. Kd2 Qa7 41. Kc3 0-1

[Event "38th Nezhmetdinov Mem"]
[Site "Kazan RUS"]
[Date "2016.06.02"]
[Round "3.42"]
[White "Drogovoz, Irina"]
[Black "Akhtariev, Andrey"]
[Result "1-0"]
[WhiteTitle "WIM"]
[WhiteElo "2205"]
[BlackElo "1927"]
[WhiteFideId "4176715"]
[BlackFideId "34112275"]
[EventDate "2016.05.31"]

1. d4 Nf6 2. c4 e6 3. Nf3 b6 4. a3 Bb7 5. e3 d5 6. Nc3 Nbd7 7. Bd3 Bd6 8. Qc2
O-O 9. O-O dxc4 10. Bxc4 Bxf3 11. gxf3 e5 12. Nb5 exd4 13. Nxd6 cxd6 14. exd4
Rc8 15. Qd3 d5 16. Bb5 Qc7 17. Ba6 Rce8 18. Bd2 Re6 19. Rac1 Qb8 20. Rc2 Rfe8
21. Rfc1 Nf8 22. Rc7 Ng6 23. Rc8 Qd6 24. Bb5 Rf8 25. Bb4 Qf4 26. Rxf8+ Nxf8 27.
Rc8 Rd6 28. Qe3 Qf5 29. Rxf8+ 1-0

[Event "38th Nezhmetdinov Mem"]
[Site "Kazan RUS"]
[Date "2016.06.02"]
[Round "3.44"]
[White "Fedotov, Nikita2"]
[Black "Chumak, Dmitrii"]
[Result "1-0"]
[WhiteElo "2192"]
[BlackElo "1826"]
[WhiteFideId "24161446"]
[BlackFideId "34106658"]
[EventDate "2016.05.31"]

1. Nf3 Nf6 2. g3 b6 3. Bg2 Bb7 4. O-O g6 5. c4 Bg7 6. d4 e6 7. Nc3 O-O 8. d5 d6
9. e4 e5 10. h3 Nbd7 11. Be3 Nc5 12. Ne1 c6 13. b4 cxd5 14. cxd5 Ncd7 15. Nd3 a5
16. a3 Ne8 17. Qd2 Nc7 18. Rfc1 Ba6 19. bxa5 bxa5 20. Rab1 Rb8 21. Rxb8 Qxb8 22.
Rb1 Qa8 23. Na4 Rb8 24. Nb6 Nxb6 25. Rxb6 Bf8 26. Bf1 a4 27. Qc2 Rb7 28. Rc6 Qb8 1-0

[Event "38th Nezhmetdinov Mem"]
[Site "Kazan RUS"]
[Date "2016.06.02"]
[Round "3.45"]
[White "Bezdenezhnyh, Pavel"]
[Black "Kurninov, Andrei"]
[Result "1-0"]
[WhiteElo "2181"]
[BlackElo "1772"]
[WhiteFideId "24126845"]
[BlackFideId "4178963"]
[EventDate "2016.05.31"]

1. e4 c5 2. Nf3 d6 3. d4 cxd4 4. Nxd4 Nf6 5. Nc3 a6 6. Be3 e6 7. f3 Nbd7 8. Qd2
b5 9. g4 Nb6 10. g5 b4 11. gxf6 bxc3 12. Qxc3 Qxf6 13. Qc6+ Bd7 14. Qxb6 e5 15.
Nf5 g6 16. Ng3 Qxf3 17. Be2 Qg2 18. O-O-O Be7 19. Bg4 Bxg4 20. Qc6+ Bd7 21.
Qxa8+ Bd8 22. Bg5 1-0